00602nam a2200181Ia 4500952012400000999001700124003000400141005001700145008004100162040000900203082001800212100002900230245005200259260003600311300000900347650002200356942004200378 00102ddc40708HISTORYaMESbMEScHISd2019-02-20l0o909.82 PEA/Dp1008r2019-02-20 00:00:00w2019-02-20yBKzGL43R1 c34743d34743OSt20200131152441.0190216s9999||||xx |||||||||||||| ||und|| coclc a909.82bPEA/D a Pearson, Lester B91715 0aDemocracy In World Politics /cLester B Pearson bOxford University Press,c1960. a120p aPolitical Science cBK2ddch909.82iPEA/Dk909.82mPEA/D